• 首页
  • 本馆介绍
  • 公告通知
  • 最新文献
  • 馆藏检索
  • 电子资源
  • 读者导购
  • 参考咨询
  • 我的图书馆
  • 登录
  • 详细信息显示
  • 放入我的书架
  • 预约/预借图书
  • 作者相关作品
  • 分类相关作品
  • 丛书相关作品
  • 出版社相关作品

书目信息

  • 表格格式
  • 工作单格式
  • 卡片格式
题名:
物理化学
    
 
作者: 何玉萼 编
分册: 下册  
出版信息: 北京   化学工业出版社  2006
页数: 302页
开本: 26cm
丛书名:
单 册:
中图分类: O64
科图分类:
主题词: 物理化学--高等学校--教材 , 物理化学
电子资源:
ISBN: 7-5025-8964-3
000 00852nam0 2200265 450
001 012007252804
005 20070618103336.87
010    @a7-5025-8964-3@dCNY30.00
100    @a20070427d2006 km y0chiy0120 ea
101 0  @achi
102    @aCN@b110000
105    @aa z 000yy
106    @ar
200 1  @a物理化学@Awu li hua xue@h下册@f何玉萼等编@Fhe yu e deng bian
210    @a北京@c化学工业出版社@d2006
215    @a302页@c图@d26cm
300    @a高等学校教材
304    @a编者还有:袁永明、童冬梅、胡常伟。
330    @a本书内容包括:化学动力学(宏观反应动力学,反应速率理论,基元反应动力学),电化学(电解质溶液,可逆电池,不可逆电极过程),界面现象及界面反应动力学。
606 0  @a物理化学@x高等学校@j教材
606 0  @a物理化学
690    @aO64@v4
701  0 @a何玉萼@Ahe yu e@4编
801  0 @aCN@bRULIN@c20070618
905    @dO64@e102:2@s8
    
    物理化学.下册/何玉萼等编.-北京:化学工业出版社,2006
    302页:图;26cm
    高等学校教材
    
    ISBN 7-5025-8964-3:CNY30.00
    本书内容包括:化学动力学(宏观反应动力学,反应速率理论,基元反应动力学),电化学(电解质溶液,可逆电池,不可逆电极过程),界面现象及界面反应动力学。
●
相关链接 在E读中查询图书 在五车中查询图书 在当当中查询图书 在豆瓣中查询图书


正题名:物理化学     索取号:O64/102:2         预约/预借

序号 登录号 条形码 馆藏地/架位号 状态 备注
1 0574503   205745032   第二样本阅览室/ [索取号:O64/102:2] 在馆    
2 0574504   205745041   第三借阅区/ [索取号:O64/102:2] 在馆    
3 0574505   205745050   第三借阅区/ [索取号:O64/102:2] 在馆    
4 0574506   205745069   第三借阅区/ [索取号:O64/102:2] 在馆    
5 0574507   205745078   第三借阅区/ [索取号:O64/102:2] 在馆    
6 0574508   205745087   第三借阅区/ [索取号:O64/102:2] 在馆    
7 0574509   205745096   第三借阅区/ [索取号:O64/102:2] 在馆    
8 0574510   205745103   第三借阅区/ [索取号:O64/102:2] 在馆    
唐山师范学院图书馆 欢迎您!
大连网信软件有限公司© 版权所有